The 48 Laws of Power / (Record no. 184630)
[ view plain ]
| 000 -LEADER | |
|---|---|
| fixed length control field | 01232 a2200181 4500 |
| 003 - CONTROL NUMBER IDENTIFIER | |
| control field | NUST |
| 005 - DATE AND TIME OF LATEST TRANSACTION | |
| control field | 20221213152344.0 |
| 020 ## - INTERNATIONAL STANDARD BOOK NUMBER | |
| International Standard Book Number | 817649030x |
| 040 ## - CATALOGING SOURCE | |
| Transcribing agency | Nust |
| 082 ## - DEWEY DECIMAL CLASSIFICATION NUMBER | |
| Classification number | 303.3,GRE |
| 100 ## - MAIN ENTRY--PERSONAL NAME | |
| Personal name | Greene , Robert |
| 9 (RLIN) | 89094 |
| 245 ## - TITLE STATEMENT | |
| Title | The 48 Laws of Power / |
| Statement of responsibility, etc. | Robert Greene |
| 260 ## - PUBLICATION, DISTRIBUTION, ETC. | |
| Place of publication, distribution, etc. | New Delhi |
| Name of publisher, distributor, etc. | ViVa Books |
| Date of publication, distribution, etc. | 1999 |
| 300 ## - PHYSICAL DESCRIPTION | |
| Extent | xxiii,450:p.; |
| 505 ## - FORMATTED CONTENTS NOTE | |
| Formatted contents note | Never Outshine the Master (Page-1), Never Put too Much Trust in friends (Page-8), Conceal your Intentions (Pge-16), Always say less than Necessary (Page-310, So Much depends on Reputation –Guard it with your Life (Pge-37), Court Attention at All Cost (Pge-44), Get Others to do the work for you, But Always tale the Credit (Page-56), Make Other People Come to you Use Bait if Necessary (Page-62) Infection: Avoid the unhappy and Unlucky (Page-76), Learn to keep People Dependent on you (Page-82), When Asking for Helf Appeal to People’s Self Interest Never to their Mercy or Gratitude (Page-95) Pose as a friend work as a SPY (Page-101), Crush your Enemy Totally (Page-107), Use Absence to Increase Respect and Honor (Page-115), Know who yours Dealing with-Donot offend the Wrong Person (Page-137). |
| 650 ## - SUBJECT ADDED ENTRY--TOPICAL TERM | |
| Topical term or geographic name entry element | Power |
| 9 (RLIN) | 104755 |
| 942 ## - ADDED ENTRY ELEMENTS (KOHA) | |
| Source of classification or shelving scheme | |
| Koha item type | Book |
| Call number prefix | 303.3,GRE |
| Withdrawn status | Lost status | Source of classification or shelving scheme | Damaged status | Not for loan | Permanent Location | Current Location | Shelving location | Date acquired | Total Checkouts | Full call number | Barcode | Checked out | Date last seen | Date last checked out | Price effective from | Koha item type | Public note |
|---|---|---|---|---|---|---|---|---|---|---|---|---|---|---|---|---|---|
| Military College of Signals (MCS) | Military College of Signals (MCS) | General Stacks | 12/12/2016 | 3 | 303.3,GRE | MCS28137 | 01/12/2023 | 12/13/2022 | 12/13/2022 | 12/12/2016 | Book | Almirah No.49, Shelf No.1 | |||||
| Military College of Signals (MCS) | Military College of Signals (MCS) | General Stacks | 12/12/2016 | 2 | 303.3,GRE | MCS28613 | 10/13/2025 | 10/16/2023 | 12/12/2016 | Book | Almirah No.49, Shelf No.1 |
